Statistics for The Only Two Countries in the World

Click here to take the quiz!

General Stats

  • This quiz has been taken 993 times
    (406 since last reset)
  • The average score is 23 of 30

Answer Stats

HintAnswer% Correct
End in 'guay'Paraguay
99%
End in 'guay'Uruguay
98%
Have a population of over a billion | Have at least 100 million English speakersIndia
98%
Have a population of over a billionChina
97%
Are entirely sandwiched between China and IndiaNepal
97%
Border the United States of AmericaMexico
97%
Border the United States of AmericaCanada
97%
Begin with 'Z'Zimbabwe
97%
Countries with 'North' in their nameNorth Korea
96%
Begin with 'Z'Zambia
96%
Have at least 100 million English speakersUnited States
93%
Are in South America but don't border Brazil (other than Brazil)Chile
93%
Are in South America but don't border Brazil (other than Brazil)Ecuador
92%
Are entirely sandwiched between China and IndiaBhutan
91%
Contain the word 'New'New Zealand
87%
Begin with 'A' but don't end with 'A'Azerbaijan
85%
Countries with North in their nameNorth Macedonia
75%
Are doubly landlocked (surrounded entirely by landlocked countries)Liechtenstein
71%
Begin with 'A' but don't end with 'A'Afghanistan
71%
Contain the word 'New'Papua New Guinea
69%
Have square flagsSwitzerland
66%
Have a map of their country's outline on their flagCyprus
60%
Have the letter combination 'olo' in their namesColombia
58%
Are doubly landlocked (surrounded entirely by landlocked countries)Uzbekistan
54%
Have a map of their country's outline on their flagKosovo
46%
Have square flagsVatican City
39%
Have the English word 'Saint' in their capital city's nameAntigua and Barbuda
35%
Have the English word 'Saint' in their capital city's nameGrenada
30%
Have the letter combination 'olo' in their namesSolomon Islands
25%

Score Distribution

Percentile by Number Answered

Percent of People with Each Score

Your Score History

You have not taken this quiz since the last reset